Belgische Voetbalclubs 2025/26 - Statistieken

Algemene statistieken
  • Deze quiz is 75 keer genomen
  • De gemiddelde score is 24 van 29
Antwoordstatistieken
Foto Antwoord % Correct
RSC Anderlecht
100%
Beerschot
97%
Cercle Brugge
97%
Club Brugge
97%
KAA Gent
97%
Racing Genk
97%
Antwerp
95%
KV Kortrijk
93%
KV Mechelen
93%
Union Saint-Gilloise
93%
Standard Liège
92%
KAS Eupen
85%
RCS Charleroi
85%
Westerlo
85%
Lierse SK
84%
OH Leuven
84%
Sint-Truiden
84%
Zulte Waregem
84%
Dender EH
82%
La Louvière
80%
SK Beveren
77%
Patro Eisden
75%
RWDM Brussels
75%
RFC Seraing
74%
Lommel SK
72%
Sporting Lokeren
70%
RFC Liège
67%
Royal Francs Borains
59%
Royal Olympic Charleroi
59%
Geen overeenkomende quizzen gevonden
Scoreverdeling
Procent van Mensen met Elke Score
Percentiel versus Aantal Correcte Antwoorden
Uw Scoregeschiedenis
U heeft deze quiz nog niet genomen